New directions in english language and literature teaching in India / (Record no. 135539)

MARC details
000 -LEADER
fixed length control field 00716nam a22002297a 4500
005 - DATE AND TIME OF LATEST TRANSACTION
control field 20170124110246.0
010 ## - LIBRARY OF CONGRESS CONTROL NUMBER
LC control number A-369754
020 ## - INTERNATIONAL STANDARD BOOK NUMBER
Terms of availability 00.00
International Standard Book Number 812020218
035 ## - SYSTEM CONTROL NUMBER
System control number A-369754
037 ## - SOURCE OF ACQUISITION
Source of stock number/acquisition Cen Lib/Ret
040 ## - CATALOGING SOURCE
Original cataloging agency DPL
Language of cataloging EN
082 ## - DEWEY DECIMAL CLASSIFICATION NUMBER
Classification number 375.4
Item number SOO
100 ## - MAIN ENTRY--PERSONAL NAME
Personal name Sood, S.C
9 (RLIN) 97599
245 ## - TITLE STATEMENT
Title New directions in english language and literature teaching in India /
Statement of responsibility, etc by S.C. Sood
260 ## - PUBLICATION, DISTRIBUTION, ETC. (IMPRINT)
Place of publication, distribution, etc Delhi
Name of publisher, distributor, etc Ajanta Publications
Date of publication, distribution, etc 1988
270 ## - ADDRESS
Address Delhi
City Javahar Nagar
Postal code 110007
300 ## - PHYSICAL DESCRIPTION
Extent 144p.
Dimensions 20cm(Hb)
500 ## - GENERAL NOTE
General note includes bibliographical references and index
650 ## - SUBJECT ADDED ENTRY--TOPICAL TERM
Topical term or geographic name as entry element English literature
9 (RLIN) 97600
650 ## - SUBJECT ADDED ENTRY--TOPICAL TERM
Topical term or geographic name as entry element English language
9 (RLIN) 1922
942 ## - ADDED ENTRY ELEMENTS (KOHA)
Source of classification or shelving scheme Dewey Decimal Classification
Koha item type English Books
Classification part 375.4
Call number suffix SOO
Holdings
Withdrawn status Lost status Damaged status Not for loan Home library Current library Date acquired Source of acquisition Cost, normal purchase price Total Checkouts Full call number Barcode Date last seen Copy number Cost, replacement price Price effective from Koha item type Public note
Written off       Central Library Central Library 07/10/2015 Cen Lib/Ref 0.00   375.4 SOO A-369754 07/10/2015 1 0.00 07/10/2015 English Books Written off on approval by DLB (By Circulation); dtd 15-06-2023

© Delhi Public Library
Hit Counter
free hit counter